Station de Ski en Isère - Statistiques

Statistiques générales
  • Ce quiz a été pris 65 fois
  • Le résultat moyen est 9 sur 26
Statistiques - réponses
Hint Réponse % Correct
Belledonne Chamrousse
98%
Oisans Les 2 Alpes
93%
Belledonne Les 7 Laux
81%
Vercors Villard-de-Lans/Corrençon-en-Vercors
74%
Vercors Lans-en-Vercors
71%
Oisans L'Alpe d'Huez
64%
Oisans Vaujany
45%
Chartreuse Saint-Pierre-de-Chartreuse/Le Planolet
40%
Vercors Autrans-Méaudre
38%
Belledonne Le Collet d'Allevard
38%
Taillefer L'alpe du Grand Serre
36%
Chartreuse Col de Porte
33%
Vercors Gresse-en-Vercors
33%
Chartreuse Le Sappey en Chartreuse
26%
Oisans Oz-en-Oisans
26%
Oisans Auris en Oisans
24%
Oisans Col d'Ornon
14%
Chartreuse Saint-Hilaire
14%
Oisans Villard Reculas
10%
Chartreuse Col de Marcieux
7%
Vercors Les Coulmes
7%
Taillefer Les Signaraux
7%
Belledonne Col du Barioz
5%
Vercors/Dévoluy Tréminis
5%
Vercors Col de l'Arzelier
2%
Chartreuse Les Egaux
2%
Aucun quiz correspondant
Distribution des résultats
% des personnes avec chaque résultat
Percentile par nombre de réponses
Votre historique - résultats
Vous n’avez pas pris ce quiz